Сочинения: В 2-х т.

Chi tiết về thư mục
Tác giả chính: Крылов И. А. Иван Андреевич
Tác giả khác: Степанов Н. Л. (автор предисловия)
Ngôn ngữ:Tiếng Nga
Được phát hành: Москва, Художественная литература, 1969
Định dạng: Sách
KOHA link:https://koha.lib.tpu.ru/cgi-bin/koha/opac-detail.pl?biblionumber=114201

MARC

LEADER 00000nam1a2200000 4500
001 114201
005 20231101215158.0
035 |a (RuTPU)RU\TPU\book\123503 
035 |a RU\TPU\book\123341 
090 |a 114201 
100 |a 20070420d1969 m z0rusy5003 ca 
101 0 |a rus 
200 1 |a Сочинения  |e В 2-х т.  |f И. А. Крылов  |g авт. примечаний Н. Л. Степанов 
210 |a Москва  |c Художественная литература  |d 1969 
700 1 |a Крылов  |b И. А.  |c русский писатель  |c баснописец  |c академик Петербургской АН  |f 1769-1844  |g Иван Андреевич  |2 stltpush  |3 (RuTPU)RU\TPU\pers\3693  |9 814 
702 1 |a Степанов  |b Н. Л.  |4 080 
801 0 |a RU  |b RuMRKP  |c 19950704  |g psbo 
801 1 |a RU  |b 63413507  |c 20070419  |g PSBO 
801 2 |a RU  |b 63413507  |c 20140127  |g PSBO 
942 |c BK